Mares de leyenda
Wedi'i Gadw mewn:
| Prif Awdur: | |
|---|---|
| Fformat: | Llyfr |
| Iaith: | Sbaeneg |
| Cyhoeddwyd: |
s.l
Gráficos García
1979
|
| Pynciau: | |
| Tagiau: |
Ychwanegu Tag
Dim Tagiau, Byddwch y cyntaf i dagio'r cofnod hwn!
|
MARC
| LEADER | 00000nam a2200000 a 4500 | ||
|---|---|---|---|
| 001 | UCQ6445 | ||
| 003 | CL-VaPUC | ||
| 008 | 981016e19790000cl |||||||||||||||||spa|d | ||
| 082 | 0 | 4 | |a Ch864 |b BRE |2 21 |
| 100 | 0 | |a Brescia de Val, Maura |e author |9 420324 | |
| 245 | 1 | 0 | |a Mares de leyenda |
| 300 | |a 151 p | ||
| 942 | |c BK | ||
| 945 | |d 19981016 00:00:00 |a crobeson | ||
| 260 | |a s.l |b Gráficos García |c 1979 | ||
| 650 | 0 | |a Ensayos chilenos |9 269132 | |
| 650 | 0 | |a Literatura chilena |9 308278 | |
| 651 | 0 | |a Archipiélago Juan Fernández |9 261249 | |
| 583 | |a last modification |c 20171017 11:31:21 |k Rodrigo Vera | ||
| 999 | |c 276402 |d 276400 | ||
| 952 | |0 0 |1 0 |4 0 |6 CH_864_000000000000000_BRE_1979 |7 0 |8 A |9 313614 |a BIBEDU |b BIBEDU |d 2019-11-20 |i 1481711 |o Ch864 BRE 1979 |p 1481711 |r 2019-11-20 |w 2019-11-20 |y BK |k LIT | ||